000 00533nam a22001937a 4500
999 _c20920
_d20920
003 BDDh-ASL
005 20231015025940.0
008 210116s2004 bg ||||| |||| 00| 0 eng d
040 _cBDDh-ASL
082 _a302.1454
_bSTR
245 0 0 _aStrengthening Cooperation ans Security in South Asia Post 9/11 /
260 _aDhaka:
_bUPL,
_c2004.
300 _a302 p.:
_c22 cm.
504 _aInclude Index
650 0 _92391
_aSocial Science
650 0 _92783
_a9/11
_zSouth Asia
700 1 _92782
_aSobhan, Farooq
942 _2ddc
_cBK